| 000 | | | 03679nmc2a22000003x 450 |
| 001 | | | efd816fb-858a-4f43-9bc1-2266ddd4830c |
| 005 | | | 20210315131104.0 |
| 100 | ## | $a | 20181211l18671870k l0rusy0189 ca |
| 101 | 0# | $a | rus |
| 102 | ## | $a | RU |
| 200 | 1# | $a | Дело о ремонте казённых зданий по Восточной Сибири в 1868 году |
| | $j | 27 сентября 1867 г. - 27 января 1870 г. |
| 251 | ## | $c | Дело |
| 300 | ## | $a | Дело |
| 801 | #0 | $a | RU |
| | $b | РГИА |
| | $c | 20181211 |
| | $g | RCR |
| 801 | #1 | $a | RU |
| | $b | ГлавНИВЦ |
| | $c | 20181211 |
| | $2 | rusmarc |
| 801 | #2 | $a | RU |
| | $b | ПБ им. Б.Н. Ельцина |
| | $c | 20210315 |
| | $g | RCR |
| | $2 | rusmarc |
| 850 | ## | $a | РГИА |
| 852 | ## | $a | РГИА |
| | $e | Федеральное казенное учреждение "Российский государственный исторический архив" (РГИА) |
| | $j | 1015 |
| 937 | ## | $h | РГИА |
| | $d | 12295932 |
| | $a | ASBIBLIO_SCAN |
| 462 | #0 | $1 | 00191353b96-cc3d-4f24-9eeb-3bfef1665a95 |
| | $1 | 2001 |
| | $a | Дела Департамента полиции исполнительной МВД за 1867 год |
| | $1 | 251 |
| | $c | Опись |
| | $1 | 852 |
| | $j | 28 |
| | $l | 1867 г. |
| 461 | #0 | $1 | 0013e300ed0-cd39-49af-8489-5ba5b90fa401 |
| | $1 | 2001 |
| | $a | Департамент полиции исполнительной МВД |
| | $1 | 251 |
| | $c | Фонд |
| | $1 | 852 |
| | $j | 1286 |
| 215 | ## | $a | 20 л. |
| | $d | 36,5х26 см |
| 371 | ## | $a | Документ не является опубликованным и широко распространяемым |
| 105 | ## | $a | y### |
| 122 | 2# | $a | d |
| 035 | ## | $a | efd816fb-858a-4f43-9bc1-2266ddd4830c |
| 856 | ## | $u | http://readingroom.main.prlib.ru/item.aspx?id_node=n158656089&mode=full |